Farm business incomes in Scotland 2007/08 (Record no. 109986)

MARC details
000 -LEADER
fixed length control field 01484cad a22002415a 4500
001 - CONTROL NUMBER
control field E148281
008 - FIXED-LENGTH DATA ELEMENTS--GENERAL INFORMATION
fixed length control field 090827s2009 xxk f s000 0 eng d
020 ## - INTERNATIONAL STANDARD BOOK NUMBER
International Standard Book Number 9780755976249
035 ## - SYSTEM CONTROL NUMBER
System control number (Sirsi) u148281
041 0# - LANGUAGE CODE
Language code of text/sound track or separate title eng
050 04 - LIBRARY OF CONGRESS CALL NUMBER
Classification number 630.09411 $2 18
110 2# - MAIN ENTRY--CORPORATE NAME
Corporate name or jurisdiction name as entry element National Statistics
9 (RLIN) 5785
245 00 - TITLE STATEMENT
Title Farm business incomes in Scotland 2007/08
Medium [electronic resource]
260 ## - PUBLICATION, DISTRIBUTION, ETC.
Place of publication, distribution, etc. Edinburgh
Name of publisher, distributor, etc. Scottish Government
Date of publication, distribution, etc. 2009
505 2# - FORMATTED CONTENTS NOTE
Formatted contents note Executive summary -- Introduction and background -- Relationship between NFI and FBI -- FBI and NFI comparisons 2007/08, national level -- FBI and NFI comparisons 2007/08, by farm tenure -- FBI and NFI comparisons 2007/08, by farm type -- FBI and NFI comparisons 2007/08, by farm size -- FBI and NFI comparisons 2007/08, income distributions -- FBI and NFI trend comparisons between 2006/07 & 2007/08 -- FBI UK comparisons 2007/08, by farm type -- Diversification -- Previously published estimates of diversified income from the Farm Accounts Survey -- Farm Accounts Survey, reliability of results -- Annexes
520 ## - SUMMARY, ETC.
Summary, etc. Sets out first estimates of Farm Business Income generated by Scottish farms taking part in the Farm Accounts Survey.
521 ## - TARGET AUDIENCE NOTE
Target audience note Advanced
590 ## - LOCAL NOTE (RLIN)
Local note KA
651 #4 - SUBJECT ADDED ENTRY--GEOGRAPHIC NAME
Geographic name Scotland
Chronological subdivision 1999-
690 ## - LOCAL SUBJECT ADDED ENTRY--TOPICAL TERM (OCLC, RLIN)
Topical term or geographic name as entry element ENVIRONMENTAL AND LAND CONSULTANCY-AGRIBUSINESS-AGRICULTURE
856 40 - ELECTRONIC LOCATION AND ACCESS
Uniform Resource Identifier <a href="https://www.scotland.gov.uk/Resource/Doc/282745/0085530.pdf">https://www.scotland.gov.uk/Resource/Doc/282745/0085530.pdf</a>
Public note View the report free of charge at www.scotland.gov.uk...
942 ## - ADDED ENTRY ELEMENTS (KOHA)
Suppress in OPAC 0
Holdings
Withdrawn status Lost status Source of classification or shelving scheme Damaged status Not for loan Home library Current library Shelving location Date acquired Total Checkouts Full call number Barcode Date last seen Copy number Price effective from Koha item type
    Dewey Decimal Classification     Virtual Virtual Online 27/08/2009   ONLINE PUBLICATION 148281-2001 06/08/2019 1 06/08/2019 Book